000 00652nam a2200181 a 4500
001 000029668
005 20200930055721.0
008 110415s2000 dr 000 0 spa d
040 _aDO-SdBNP
_bspa
_cBNPHU
082 _axxx
_bC3978a
110 2 _aCentro Nacional de Investigaciones en Salud Materno Infantil
_955757
245 1 0 _aIniciativa de la descentralización de la atención a la salud en el ámbito provincial /
_ceditor Jeannette Báez.
260 _aSanto Domingo :
_bCENISMI,
_c2000.
300 _avi, 14 p. ;
_c28 cm.
490 1 _aReuniones técnicas
_v3
700 1 _aBáez, Jennette
_eed
_956466
830 0 _aReuniones técnicas
_v3
_955759
999 _c29160
_d29160